Statistics for NFL Teams Ryan Fitzpatrick Played For

Click here to take the quiz!

General Stats

  • This quiz has been taken 160 times
    (110 since last reset)
  • The average score is 7 of 9

Answer Stats

SeasonsGamesAnswer% Correct
2019-2024Miami Dolphins
95%
2015-1630New York Jets
90%
20211Washington Football Team
89%
2009-1255Buffalo Bills
78%
2017-1814Tampa Bay Buccaneers
74%
201412Houston Texans
73%
2007-0814Cincinnati Bengals
67%
2005-065St. Louis Rams
63%
201311Tennessee Titans
62%

Score Distribution

Percentile by Number Answered

Percent of People with Each Score

Your Score History

You have not taken this quiz since the last reset